MARC

Tag First Indicator Second Indicator Subfields
LEADER 00000cam a2200000 a 4500
001 in00000069809
005 20151008055850.0
008 810818s1980 no a b 00000 engm
010 |a  81479092  
020 |a 8200053768 
035 |a (OCoLC)06893131 
035 |9 AAJ4584AM 
040 |a DLC  |c DLC  |d m.c.  |d TXA  |d UtOrBLW 
043 |a e-no--- 
049 |a TXAM  |c [1502537] 
082 0 |a 343.481/0999  |a 344.8103999  |2 19 
090 |a K564.C6  |b D42 1980 
099 |a KLP  |a D291 
245 0 2 |a A Decade of computers and law /  |c [edited by] Jon Bing, Knut S. Selmer. 
264 1 |a Oslo :  |b Universitetsforlaget,  |c 1980. 
300 |a 475 pages :  |b illustrations ;  |c 22 cm. 
336 |a text  |b txt  |2 rdacontent 
337 |a unmediated  |b n  |2 rdamedia 
338 |a volume  |b nc  |2 rdacarrier 
490 1 |a Publications of Norwegian Research Center for Computers and Law ;  |v no. 7 
504 |a Bibliography: pages 471-475. 
650 0 |a Information storage and retrieval systems  |x Law  |z Norway. 
650 0 |a Records  |z Norway  |x Data processing. 
650 0 |a Privacy, Right of  |z Norway. 
650 0 |a Computers  |x Law and legislation  |z Norway. 
700 1 |a Bing, Jon,  |d 1944- 
700 1 |a Selmer, Knut S. 
830 0 |a Publications of the Norwegian Research Center for Computers and Law ;  |v no.7. 
999 |a MARS 
999 f f |s 80eacc93-1cbc-3bac-8278-ae70f78b504c  |i 65a2a2f6-0048-35e3-933a-31d24a1953bd  |t 0 
952 f f |p ric  |a Texas A&M University  |b Rellis Campus  |c Joint Library Facility  |d Remote Storage  |t 0  |e K564.C6 D42 1980  |h Library of Congress classification  |i unmediated -- volume  |m A14806074559 
998 f f |a K564.C6 D42 1980  |t 0  |l Remote Storage